000 00331nam a2200145Ia 4500
008 191201s2001 xx 000 0 und d
082 _a658.5
_bARO
100 _aARCHANA, Tyagi
245 0 _aOrganizational Behavior
250 _a1st
260 _aN.Delhi
_bExcel Books
_c2001
300 _a310
650 _aMBA
942 _2ddc
_cBK
999 _c2688
_d2688